000 00573nam a2200181Ia 4500
008 151018s9999 xx 000 0 und d
082 _bRBASDV5623
_a891.463
100 _aद र कवठेकर
245 _aआभाळाची सावली
250 _b2
260 _bकुलकर्णी ग्रंथागार
_c1964
300 _a396
600 _aद र कवठेकर
630 _aआभाळाची सावली
700 _aद र कवठेकर
730 _aआभाळाची सावली
942 _cBOOK
999 _c1008005
_d1008002